| 000 | 00449nam a2200157Ia 4500 | ||
|---|---|---|---|
| 005 | 20250328101648.0 | ||
| 008 | 231217s9999 xx 000 0 und d | ||
| 020 | _a9788178817460 | ||
| 082 | _a658.4038 ROO;1 R | ||
| 100 | _aRoos, Goran. Jutur, Sharath ed. | ||
| 245 | 0 | _aIntellectual capital management : a strategic perspective | |
| 260 |
_c2005 _bIcfai _aHyderabad |
||
| 300 | _a296 | ||
| 650 | _acapital,management,strategic | ||
| 942 | _cAA | ||
| 999 |
_c188268 _d188268 |
||